Sanat - "Muksis" - Statistics

Yleistilastot
  • Tätä visaa on pelattu 7 kertaa
  • Keskiarvotulos 54 / 73
Vastaustilastot
Vastaus % Oikein
100%
100%
100%
100%
100%
100%
100%
muksis
100%
muksis
100%
muksis
100%
muksis
100%
muksis
100%
muksis
100%
lahjan
83%
lahjan
83%
lahjan
83%
lakupatukan
83%
lakupatukan
83%
lakupatukan
83%
niin
83%
niin
83%
niin
83%
oi
83%
oi
83%
oi
83%
olen
83%
olen
83%
olen
83%
olin
83%
pienen
83%
pienen
83%
pienen
83%
pieni
83%
pieni
83%
pieni
83%
pikku
83%
pikku
83%
pikku
83%
saanhan
83%
saanhan
83%
saanhan
83%
appelsiinilaivaan
67%
ei
67%
en
67%
joutumaan
67%
kun
67%
Kun
67%
satuin
67%
tulin
67%
uumenista
67%
viidakon
67%
enää
50%
Gena
50%
jouduin
50%
juttu
50%
krokotiilin
50%
kummajainen
50%
lelupuotiin
50%
Luo
50%
me
50%
minut
50%
mua
50%
oon
50%
outo
50%
seurapiirin
50%
tajuttu
50%
tänne
50%
teimme
50%
tropiikista
50%
tuotiin
50%
vaan
50%
yhä
50%
yksin
50%
Ehtoja vastaavia visoja ei löytynyt
Tulosjakauma
Jokaisen tuloksen saaneiden osuus
Persentiili vastausten määrän mukaan
Tuloshistoriasi
Et ole pelannut tätä visaa